[Event "ROM-chT"]
[Site "Brasov"]
[Date "2011.10.08"]
[Round "1.2"]
[White "Lupulescu, Constantin"]
[Black "Marin, Mihail"]
[Result "1/2-1/2"]
[WhiteElo "2655"]
[BlackElo "2550"]
[Annotator "Marin,M"]
[PlyCount "51"]
[EventDate "2011.10.08"]
[EventType "team-tourn"]
[EventRounds "9"]
[EventCountry "ROU"]
[SourceTitle "CBM 145"]
[Source "ChessBase"]
[SourceDate "2011.11.11"]
[SourceVersion "1"]
[SourceVersionDate "2011.11.11"]
[SourceQuality "1"]
[WhiteTeam "Timisoara Luxten"]
[BlackTeam "Bucharest Apa Nova"]
[WhiteTeamCountry "ROU"]
[BlackTeamCountry "ROU"]

1. Nf3 Nf6 2. c4 b6 3. g3 Bb7 4. Bg2 {By this moment, I had understood that my
opponent was ready to meet me in the Hedgehog. I had nothing against it, but
decided to face him with a last moment of decision. I thought it could not
hurt.} e6 5. d4 ({In the event of} 5. O-O {, I would have had to define my
intentions with} c5) 5... Bb4+ 6. Nbd2 ({When writing my article for CBM 144 
(published more or less at the same time as our game), dedicated to the line} 
6. Bd2 Bxd2+ 7. Qxd2 O-O {I did not bother about covering the king with the
knight too much, since it had gone out of fashion for quite a while. The main
thing I knew was that I should play with the hanging pawns, since the knight's
presence on d2 prevents White from putting them under serious pressure. After
the game, I was surprised to find out that even this very general knowledge
put me in the position of the better prepared player: my opponent confessed
that he did not know really that the variations with ...Bb4+ exist.}) 6... O-O
7. O-O d5 (7... Be7 {would lead to a transposition to the 4...Ba6 5.Nbd2 Bb7
variation. I thought that it makes no sense delaying ...d5, but this is only
partly true. The fact is that in the current position, White has to make some
commitment, such as} 8. Qc2 {, which is the main line.} (8. b3 {can be
comfortably answered with} c5) 8... d5 (8... c5 9. e4 $1 $14) 9. cxd5 exd5 {
In our main game, Lupulescu placed his queen on a better square, e2. In order
to justify the presence of the queen on the rather exposed c2-square (...Na6, .
..c5 and ...Rc8 would follow), he has to start forcing play with} 10. Ne5 c5
11. dxc5 bxc5 12. Ndc4 {There was some theoretical discussion here more than
20 years ago and the conclusion was that Black can repel the first wave of
initiative. The position should be reevaluated now, of course.} Qc7 (12... Re8
13. Bf4 Qc8 14. Na5 Ba6 15. Rfd1 Nbd7 16. Bh3 $36 {Jussupow,A (2635)-Sokolov,A
(2635) Tilburg 1987 (1-0, 39)}) 13. Bf4 g5 14. Bxg5 dxc4 15. Qf5 Bxg2 16. Bxf6
Bxf6 17. Qxf6 Bxf1 18. Qg5+ Kh8 19. Qf6+ {1/2 Jussupow,A (2610)-Dolmatov,S 
(2615) Hastings 1989}) 8. cxd5 exd5 9. Ne5 Be7 $6 {Actually, only combining an
early ...d5 with this retreat is inaccurate.} ({I could have spared a tempo
over the game with} 9... Re8 {, but by this point in the game I was not
absolutely sure yet what I was going to do with my bishop.} 10. Ndf3 Ne4 11.
Bf4 Bf8 12. Qc2 (12. Rc1 c5 13. dxc5 bxc5 14. Nd2 Nf6 15. Nd3 Nbd7 16. Bg5 Qb6
17. Bxf6 Nxf6 18. Nb1 {was played in Kozul,Z (2490)-Bareev,E (2555)/Ljubljana/
Portoroz 1989/CBM 014 (1/2, 27). Once the knight has gone far from the centre,}
c4 $5 $36 {offers Black chances to take over the initiative.}) 12... c5 13.
dxc5 bxc5 14. Rfd1 Qc8 15. Nd3 Na6 $11 16. Ng5 c4 $1 {The same idea as
recommended in the previous game.} 17. Nc1 Nb4 18. Qb1 h6 19. Nxe4 (19. Nf3 c3
$19) 19... dxe4 20. a3 Nd5 21. Na2 Nxf4 22. gxf4 e3 $19 {Paunovic,D (2430)
-Polugaevsky,L (2590)/Belgrade 1988/TD (0-1, 28)}) 10. b3 Na6 11. Bb2 c5 12.
Nd3 ({During the game I was a bit afraid of} 12. dxc5 bxc5 13. Re1 $14 {/\e4})
(12. Rc1 {(0-1, 59) Khalifman,A (2690)-Ponomariov,R (2743) Moscow 2002 CBM 091
[Gershon]} Re8 $5) (12. Ndc4 Re8 13. Ne3 {Ftacnik,L (2585)-Rogers,I (2618)
Znojmo 1999 (1/2, 53)} Ne4 14. Nf5 Bf8 $13 {This looks active for White, but
his knights are sort of hanging.}) 12... Re8 13. Rc1 Bf8 $146 (13... Bd6 14.
Re1 Qe7 15. dxc5 Nxc5 {Apparently, there is no danger playing with an isolani
in these positions, but this was not in the least my intention.} (15... bxc5
16. Bxf6 Qxf6 17. e4 $16) 16. Nf3 Ne6 17. Nd4 Nxd4 18. Bxd4 Ne4 19. e3 Rac8 $14
{/= Boensch,U (2540)-Huebner,R (2640) Germany 2002 (1/2, 23)}) 14. e3 $1 {
A flexible move, preparing to complete the development harmoniously with Qe2
and Rfd1.} (14. dxc5 bxc5 15. Nf4 Nc7 16. e3 Rb8 {[%csl Gb7] and Black has no
problems defending his hanging pawns.}) 14... Qe7 15. Qe2 Rad8 16. Rfd1 {
Both sides have regrouped harmoniously, but now I faced the problem of making
a move that does not spoil my coordination.} Ne4 ({I could have maintained the
tension with} 16... g6 $5 {or maybe 16...h5, but was not sure whether it is
good to weaken my kingside.}) 17. dxc5 {This looks like the best move order.} (
17. Ba3 Qd7 $5 18. Nxe4 ({After} 18. dxc5 {I, indeed wanted to play with the
isolani, given the fact that too many white minor pieces are away from their
optimal squares.} Nexc5 19. Bb2 d4 $36) 18... dxe4 19. Nf4 ({The knight is
unstable after} 19. Ne5 Qe6) 19... Qe7 20. dxc5 Nxc5 $13) 17... bxc5 18. Ba3 (
18. Nxe4 dxe4 19. Nf4 Nb4 $132 {[%csl Gd3][%cal Gb7a6]}) 18... Nxd2 19. Qxd2 $6
{This came as a slight surprise.} ({I was expecting} 19. Rxd2 $1 {and was not
sure whether I could simplify to an equal game. Analysis proves that White
would have kept an edge.} d4 20. Bxb7 Qxb7 21. Nxc5 (21. Bxc5 Nxc5 22. Nxc5 Qb6
23. Na4 dxe3 $1) 21... Nxc5 22. Bxc5 Bxc5 23. Rxc5 Qb6 24. Rb5 (24. Rc4 dxe3
25. fxe3 Rxd2 26. Qxd2 Rxe3 $1 $11 {The weakness of the back rank is
irrelevant, because of the possibility ...Re3-e8!+}) 24... Qc6 25. Qc4 dxe3 $3
26. Qxc6 exd2 27. Rd5 d1=Q+ 28. Rxd1 Rxd1+ 29. Kg2 Red8 $14 {I have no
experience in this kind of endings, but would think that Black should be able
to hold.}) 19... d4 20. e4 $5 (20. Bxb7 dxe3 $11) (20. exd4 Bxg2 21. Kxg2 Rxd4
$36) 20... Rc8 {Solidly played.} ({I calculated the following long line>} 20...
Bxe4 21. Re1 ({Lupulescu confessed that he intended to play} 21. Bxc5 Nxc5 22.
Nxc5 Bxg2 23. Kxg2 {with a blockade on d3. I, too got such positions
repeatedly in my English games with White, but here Black's activity should
compensate for White's static plusses.} Qe5 24. Nd3 Qd5+ 25. Kg1 a5 26. Rc4 Bd6
27. Re1 g6 $11) 21... Qb7 22. Bxe4 Rxe4 23. Rxe4 Qxe4 24. Qa5 Rd6 25. Nxc5 Nxc5
(25... Qd5 $1 {is simpler}) 26. Bxc5 Rc6 ({Once again, I did not notice the
pin from the d5-square, maybe because few moves earlier it was controlled by
the e4-pawn.} 26... Rd5 $1) 27. Qd8 Rxc5 28. Rxc5 Qe1+ 29. Kg2 Qe4+ 30. Kh3
Qe6+ 31. g4 {Checks are over and I stopped here, failing to notice that
White's coordination is rather poor.} Qe4 $1 32. Rf5 g6 {It is White who
should think about a perpetual check now (...gxf5, Qg5+) since} 33. Rf6 $2 Kg7
$1 $17 {unpins the bishop and offers Black the initiative.}) 21. Re1 {This
allows Black to regroup in an optimal way.} ({During the post-mortem, we
analysed} 21. Qa5 {It is not simple to find a way of bringing the queen to b6.
Eventually, we came up with:} Rc7 $1 {Over-protecting the b7-bishop.} (21...
Qc7 22. Qxc7 Rxc7 23. f3 $1 $14 {With queens on the board, this would be less
appealing, because of a possible ...f5 with attacking chances.}) (21... Qd6 22.
e5 $1 {and 22...Qb6 is impossible because the bishop would be lost.}) 22. Re1
Qd6 $1 $13 {[%cal Gd6b6]}) 21... Qd7 22. Rc4 (22. Qa5 Qc6 {[%cal Gf7f5]}) 22...
Qb5 23. e5 $6 (23. f3 $5 $11) 23... Bxg2 24. Kxg2 Nb8 $1 {[%cal Gb8d7,Gd7b6]}
25. Kg1 Nd7 26. Rc2 $15 (26. Rc2 a5 ({While thinking about how to answer the
draw offer, I was analyzing only forcing lines such as:} 26... Qa6 27. Bc1 c4
28. bxc4 Rxc4 {White seems to be able to defend:} 29. Bb2 Qxa2 30. Ra1 Rxc2 31.
Qxc2 Qd5 32. Qa4 Rxe5 33. Qxa7 $44) (26... Qb8 27. Bb2 $1 {Lupulescu} Nxe5 28.
Nxe5 Rxe5 29. Rxe5 Qxe5 30. Bxd4 $1 $11) 27. f4 a4 $15) 1/2-1/2

[Event "Baku FIDE GP"]
[Site "Baku"]
[Date "2014.10.14"]
[Round "11"]
[White "Andreikin, Dmitry"]
[Black "Karjakin, Sergey"]
[Result "1/2-1/2"]
[WhiteElo "2722"]
[BlackElo "2767"]
[Annotator "Marin,M"]
[PlyCount "65"]
[EventDate "2014.10.02"]
[EventType "tourn"]
[EventRounds "11"]
[EventCountry "AZE"]
[EventCategory "21"]
[SourceTitle "CBM 163"]
[Source "ChessBase"]
[SourceDate "2014.11.11"]
[SourceVersion "1"]
[SourceVersionDate "2014.11.11"]
[SourceQuality "1"]

1. d4 Nf6 2. c4 e6 3. Nf3 b6 4. g3 Ba6 5. Nbd2 Bb7 6. Bg2 Be7 7. O-O O-O 8. b3
({Earlier in the same tournament Karjakin was involved in a very complicated
game continuing with} 8. Qc2 d5 {Grischuk,A (2797)-Karjakin,S (2767) Baku 2014
(1/2-1/2, 47)}) 8... c5 {This is the approved continuation. Since White is not
ready to play e2-e4, the exchange on d4 will soon lead to the exchange of the
light-squared bishops and free development for Black.} (8... d5 {is not too
bad, either. After} 9. cxd5 exd5 10. Bb2 c5 11. Ne5 Na6 {play would transpose
to a game of mine, coming from another move order. My opponent spotted the
main drawback of setting up the hanging pawns before White has developed his
queen. Rather than putting it on c2 (similary with the aforementioned
Grischuk-Karjakin game), he developed it on e2.} 12. Nd3 Re8 13. Rc1 Bf8 14. e3
Qe7 15. Qe2 Rad8 16. Rfd1 Ne4 {Even so, Black had a normal position in
Lupulescu,C (2655)-Marin,M (2550) Brasov 2011 CBM 145 [Marin,M] (1/2-1/2, 26)})
9. Bb2 d6 ({Earlier this year Karjakin twice provoked important
simplifications with} 9... cxd4 10. Nxd4 Bxg2 11. Kxg2 Nc6 12. Nxc6 dxc6 13.
Qc2 (13. e4 Qd3 14. e5 Ne4 15. Nf3 Rfd8 16. Re1 Nc5 17. Nd4 Rac8 18. Re3 Qxd1
19. Rxd1 {White seems to have obtained a shadow of something, but the
following simplifying combination equalises completely.} Nxb3 $1 20. axb3 c5
$11 {Carlsen,M (2881)-Karjakin,S (2772) Shamkir 2014 (1/2-1/2, 38)}) 13... Qc7
14. Ne4 $5 Rad8 (14... Nxe4 15. Qxe4 {followed by Qg4 soon could have provoked
a more troublesome weakening of the kingside than in the game.}) 15. Nxf6+ Bxf6
16. Bxf6 gxf6 17. c5 Rd5 18. cxb6 axb6 19. Rad1 Rfd8 {Due to his excellent
centralising, Black did not experience any problems on his weakened kingside,
Ni,H (2666)-Karjakin,S (2786) Tromso 2014 (1/2-1/2, 30)}) 10. Re1 {Preparing
e2-e4 and inviting Black to release the tension.} ({The other way of doing
this is} 10. Qc2 {However, after the inevitable exchange of bishops the queen
rather belongs on f3, defending the kingside and putting some pressure on c6.
This means that Qd1-c2 is more of a waste of time.} cxd4 11. Nxd4 Bxg2 12. Kxg2
Qc7 13. Qd3 Nbd7 14. f4 Rfe8 15. Qf3 d5 16. Rac1 Qb7 17. cxd5 exd5 $11 {
[%csl Rd5,Re2] The mutual pawn weaknesses compensate for each other, Ftacnik,L
(2550)-Ivanchuk,V (2680) Novi Sad 1990 (1/2-1/2, 24)}) 10... cxd4 {Objectively,
this may be best.} ({But as an experienced hedgehog fan, I would also consider
} 10... Nbd7 11. e4 cxd4 12. Nxd4 Qc7 {The following game helped me unearth
some hidden nuances of this structure:} 13. f4 Rfd8 (13... e5 14. Nf5 Rfe8 15.
Nb1 $5 {This manoeuvre reminds one of Grischuk's Nd2-b1-c3 from the
aforemenetioned game with Karjakin. It is a constant theme in these lines with
4.Nbd2.}) (13... Rad8 $1 $11 {would have maintained the flexibility of the
Hedgehog since} 14. e5 $140 $2 {would fail to} dxe5 15. fxe5 Nxe5 16. Bxb7 {
[%csl Ga8]} Nd3 $19 {[%cal Gd3b2,Gd8d4] In this line it is essential that
Black has evacuated the a8-square with his rook.}) 14. g4 (14. e5 $5 dxe5 15.
fxe5 {If Black plays in the same way as in the line above, his rook would be
hanging on a8.} Ne8 16. Bxb7 Qxb7 17. Qf3 Qxf3 18. N2xf3 $14 {[%csl Re8]})
14... e5 15. Nf5 Nc5 16. g5 Ne8 17. Nf1 Ne6 18. Nxe7+ Qxe7 19. f5 Nf4 $132 {
Korobov,A (2336)-Neverov,V (2549) Koszalin 1999 (0-1, 32)}) 11. Nxd4 Bxg2 12.
Kxg2 Qc7 13. e4 Nc6 {Possibly the most convincing way of equalising.} ({
Since I never intendeded the Hedgehog to be an equalising weapon, I would also
consider} 13... Nbd7 14. f4 Rfe8 15. Qf3 Rad8 16. Nf1 a6 17. Re2 Bf8 18. Nc2 e5
19. f5 b5 $132 {Patelli,A (2240)-Jurek,J (2380) Imperia 1996 (0-1, 69)}) 14.
N2f3 $146 ({The only previous game does not bring in too much infomation:} 14.
Nxc6 Qxc6 {1/2-1/2 Sosonko,G (2545)-Ribli,Z (2610) Amsterdam 1980}) 14... a6
15. Nxc6 Qxc6 16. Nd4 Qb7 17. Qf3 {Justifying why White had chosen 10.Re1
rather than 10.Qc2.} Nd7 18. e5 $5 {This attempt to take over the initiative
will not yield much.} ({The developing} 18. Rad1 {would not have helped to
increase the pressure, though.} Rfb8 $5 {Just as in the game given in the
comments to 10...cxd4, choosing the right rook is a matter of tactics.} (18...
Bf6 $6 19. Ba3 $1) (18... b5 {allows White to obtain some initiative, although
I do not believe it would be enough:} 19. e5 Qxf3+ 20. Nxf3 Nxe5 21. Bxe5 dxe5
22. Nxe5 bxc4 23. Rd7 Bb4 24. Re4 Bc3 25. Nxc4 Rfd8) ({The main question is
why not} 18... Rab8 {And the answer is that after} 19. e5 Nxe5 20. Qxb7 Rxb7
21. f4 Ng4 22. Nc6 {[%cal Re7f8] the bishop does not have the f8-square for
retreating, meaning that White will retrieve the pawn and retain a strong
bishop against a knight in an open position.}) 19. a4 Nc5 $11) 18... Qxf3+ 19.
Nxf3 Nxe5 20. Nxe5 dxe5 21. Bxe5 Rfc8 (21... b5 {may be a bit premature with
the white rook on a1:} 22. cxb5 axb5 23. a4 {and the a-pawn may cause Black
some headaches.}) 22. Red1 ({But if} 22. Rad1 {Black could already start his
counterplay with} b5) 22... Ra7 $5 {A subtle move, making the threat of ...
b6-b5 more realistic.} 23. a4 (23. h4 b5 24. cxb5 axb5 25. a4 bxa4 26. bxa4
Rca8) 23... a5 $11 {Even though his blocks the black pawns on dark squares,
Black will be able to defend them safely with ...Bc5. Besides, he will have a
mobile majority on the opposite wing, while the queenside will be frozen. This
is enough to compensate for White's slight initiative.} 24. Rd3 f6 25. Bf4 Kf7
26. Rad1 Ke8 27. Be3 Rc6 28. g4 g6 29. Kf3 Ra8 30. Ke4 Rd8 31. Rxd8+ Bxd8 32.
f4 f5+ 33. gxf5 1/2-1/2

[Event "Qatar Masters op"]
[Site "Doha"]
[Date "2015.12.26"]
[Round "6"]
[White "Fedoseev, Vladimir1"]
[Black "Harikrishna, Pentala"]
[Result "0-1"]
[WhiteElo "2664"]
[BlackElo "2743"]
[Annotator "Marin,M"]
[PlyCount "90"]
[EventDate "2015.12.20"]
[EventType "swiss"]
[EventRounds "9"]
[EventCountry "QAT"]
[SourceTitle "CBM 170"]
[Source "ChessBase"]
[SourceDate "2016.01.15"]
[SourceVersion "1"]
[SourceVersionDate "2016.01.15"]
[SourceQuality "1"]

1. Nf3 Nf6 2. c4 e6 3. d4 b6 4. g3 Ba6 5. Nbd2 Bb7 6. Bg2 Be7 7. O-O O-O 8. Nb3
$6 $146 {A rather unfortunate novelty. White's idea to clear the diagonal for
the c1-bishop is understandable but Tarrasch used to have a word for the
knights placed on b3... Fedoseev might have hoped to regroup with either
Nc1-d3 or Na1-c2-e3 but these manoeuvres are time consuming. On top of all
thus, since Black does not have to define his intentions too soon as it is far
from clear where the knight belongs. One thing is clear: the knight does very
little on b3!} (8. Qc2 d5 9. cxd5 exd5 10. Rd1 Na6 {Grischuk,A (2797)-Karjakin,
S (2767) Baku 2014 CBM 163 [Marin,M] (1/2-1/2, 47)}) (8. b3 c5 {Andreikin,D 
(2722)-Karjakin,S (2767) Baku 2014 CBM 163 [Marin,M] (½-½, 33)}) 8... a5 9.
Bg5 h6 10. Bxf6 Bxf6 11. Qd3 {White has almost completed his development, but
his position is rather unpleasant. Black has a wide range of good plans.} d5 {
Not a bad approach. With his bishops optimally placed, Black starts fighting
for the centre in the classical fashion.} ({Even falling into a known trap with
} 11... d6 12. Ng5 (12. Nbd2 g6 13. e4 Nd7 {Kasparov,G (2740)-Karpov,A (2705)
World Championship 33th-KK3 1986 (24) 1/2 is similar to a structure arising
from many QI lines with the difference that the knight is on d2 and not on the
more active c3. Compare with, say,}) 12... hxg5 13. Bxb7 Ra7 14. Bf3 a4 15. Nd2
c5 $11) (11... g6 $5 12. e4 d6) (11... c5 $5) 12. Rac1 Na6 {This is a bit too
passive, allowing White to retain an acceptable position.} ({It would have
been better to increase the pressure in the centre with} 12... a4 13. Nbd2 c5
14. Rfd1 Nc6 $15 {[%csl Gc5,Gd5]}) 13. cxd5 exd5 14. a3 {[%csl Ga6]} Re8 15.
Bh3 $6 {A careless move, weakening the defence of the f3-knight and allowing
Black to create the hanging pawns at once.} (15. Rfd1 {would have offered
chances to hold a somewhat worse position.} a4 {If Black wants to carry out ...
c7-c5 he needs to weaken the control over the b4-square thus making the plan
with ...c5-c4 less effective.} 16. Nbd2 c5 17. e3 c4 18. Qf5 b5 19. Nb1 $15 {
[%cal Gb1c3] when the knight will enjoy stability on c3.}) 15... c5 $1 {
[%cal Gc5c4,Gb6b5]} 16. Qb5 $5 {Embarking a dangerous adventure which will
eventually turn out well. But there was no simple way out of the trouble for
White.} ({The point is that after} 16. dxc5 Nxc5 17. Nxc5 bxc5 18. Rxc5 Ba6 $17
19. Qxd5 $2 Qxd5 20. Rxd5 Bxe2 $19 {Black wins material. This was not possible
with the bishop on g2.}) 16... Rb8 (16... c4 17. Nxa5 bxa5 18. Qxb7 $13) 17.
Rfe1 (17. dxc5 bxc5 18. Qxa5 (18. Nxc5 Bc8 $19) 18... Rxe2 19. Qxd8+ Rxd8 20.
Nxc5 Nxc5 21. Rxc5 d4 22. Bg2 Rxb2 $36) 17... Nc7 $1 18. Qxb6 (18. Qa4 c4 19.
Nbd2 Ra8 $17 {[%cal Gb6b5]}) 18... Ba6 19. Qxa5 Rxb3 20. Rxc5 {White has
managed to stir up some trouble, but objectively his compensation is not
enough as his pawns are hanging.} Ne6 {A good continuation but not the only
one.} ({During my live comments I examined} 20... Bxe2 {, for instance} 21.
Rxc7 Bxf3 22. Rxe8+ Qxe8 23. Rc8 Qxc8 24. Bxc8 Rd3 25. Bh3 Rd1+ 26. Bf1 Be2 27.
Qa4 Rxf1+ 28. Kg2 Bc4 29. Qe8+ (29. b3 Bd3) 29... Kh7 30. Qxf7 Re1 $17) 21.
Qxa6 Nxc5 22. dxc5 Rxf3 23. Qb5 Bd4 24. e3 Rf6 25. Rd1 Be5 $2 {After this
obedient retreat White will have full compensation for the rook.} (25... Bxe3
26. fxe3 Rxe3 $19 {would have soon yielded Black a decisive attack due to the
strong central pawn and the weakness of the white king's position.}) 26. Bd7
Re7 27. Rxd5 $44 {The white pawns are a potential danger and what's more, the
black rooks do not have active possibilities. In fact, I would prefer playing
with white.} Qc7 28. b4 h5 29. Qd3 g6 30. Bh3 (30. f4 Bb2 31. e4 Rxf4 32. gxf4
Qxf4 $132) (30. a4 $5) (30. e4 $5) 30... Kg7 31. f4 $6 {Weakening the
e3-square for nothing.} Bb2 32. a4 $2 {Another weakening move.} ({It was still
possible to reach a draw with} 32. Qb3 Bc1 33. Rd3 Qc6 34. Rc3 Bd2 35. Rd3)
32... Qb7 $1 $19 {[%csl Rd5][%cal Gb7b4,Ge7e3] Targetting both newly created
weaknesses, with decisive effect.} 33. Qd2 (33. b5 Rxe3 $19) 33... Bc1 34. Qxc1
Qxd5 $19 {Black has won some more material and his e7-rook is active now. The
rest is agony.} 35. b5 Qb3 36. Kf2 Qxa4 37. Qb2 Qc4 38. c6 Qc5 39. Qd4 Qxb5 40.
Bd7 Qa5 41. Kg2 Qd8 42. e4 Kh7 43. Qd5 Rxd7 {The simplest.} 44. cxd7 Re6 45. f5
Re7 0-1